<The> Economics of european integration theory, practice, policy
Enregistré dans:
| Auteur principal: | |
|---|---|
| Format: | Livre |
| Langue: | anglais |
| Publié: |
Aldershot
Ashgate
1997
|
| Édition: | 3. ed. |
| Sujets: | |
| Tags: |
Pas de tags, Soyez le premier à ajouter un tag!
|
MARC
| LEADER | 00000nam a2200000 4500 | ||
|---|---|---|---|
| 001 | c117266 | ||
| 005 | 20231215115048.9 | ||
| 020 | |a 1-84014-035-6 | ||
| 041 | 0 | |a eng | |
| 044 | |a GB | ||
| 245 | 1 | 0 | |a <The> Economics of european integration |b theory, practice, policy |c Willem Molle |
| 250 | |a 3. ed. | ||
| 264 | 1 | |a Aldershot |b Ashgate |c 1997 | |
| 300 | |a [174] s. | ||
| 610 | 2 | 0 | |a integrácia ekonomická medzinárodná |
| 610 | 2 | 0 | |a politika hospodárska |
| 610 | 2 | 0 | |a tovar |
| 610 | 2 | 0 | |a služby |
| 610 | 2 | 0 | |a únie colné |
| 610 | 2 | 0 | |a trh spoločný |
| 610 | 2 | 0 | |a teórie ekonomické |
| 610 | 2 | 0 | |a poľnohospodárstvo |
| 610 | 2 | 0 | |a výroba |
| 610 | 2 | 0 | |a energia |
| 610 | 2 | 0 | |a doprava |
| 610 | 2 | 0 | |a únie menové |
| 610 | 2 | 0 | |a politika peňažná |
| 610 | 2 | 0 | |a Európa |
| 100 | 1 | |a Molle, Willem | |